Mozart (Registo nº 4070)

Detalhes MARC
000 -Etiqueta do registo
Cabeçalho 00758nam a2200277 4500
005 - Identificador da versão
Campo de controlo 20240813122052.0
010 ## - Número internacional normalizado dos livros (ISBN)
Número (ISBN) 9728146094
021 ## - Número do Depósito Legal
Código do país PT
Número 77788/94
100 ## - Dados gerais de processamento
Dados gerais de processamento 20070404d1994 k y0pory5003 ba
102 ## - Pais de publicação ou produção
País de publicação Portugal
101 1# - Língua de publicação
Língua do texto, banda sonora, etc. Português
Língua do documento no original Inglês
215 ## - Descrição física 
Indicação específica da natureza do documento e extensão da espécie [22] p.
Outras indicações físicas il.
Dimensões 22 cm
200 1# - Titulo e menção de responsabilidade
Título próprio Mozart
Primeira menção de responsabilidade Ann Rachlin
Outras menções de responsabilidade il. Susan Hellard
-- trad. Teresa Guedes de Oliveira
225 1# - Colecção 
Título próprio da colecção Crianças famosas
210 ## - Publicação, Distribuição, etc. 
Lugar da edição, distribuição, etc. Porto
Nome do editor, distribuidor, etc. Campo das Letras
Data da publicação, distribuição, etc. 1994
620 ## - Acesso pelo local
Country AF
675 ## - Classificação Decimal Universal (CDU)
Notação 087.5:92
Edição med
Língua da edição fre
702 #1 - Nome de autor-pessoa física (responsabilidade secundária)
Número de registo de entrada de autoridade 0000602
Palavra de ordem Hellard
Outra parte do nome não tomada para palavra de ordem Susan
Código de função Ilustrador / Técnico de desenho computorizado
Número de registo de entrada de autoridade 0000603
Palavra de ordem Oliveira
Outra parte do nome não tomada para palavra de ordem Teresa Guedes de
Código de função Tradutor
700 #1 - Nome de autor-pessoa física (responsabilidade principal)
Número de registo de entrada de autoridade 0000601
Palavra de ordem Rachlin
Outra parte do nome não tomada para palavra de ordem Ann
942 ## - Elementos de entrada adicionados (Koha)
Tipo de item no Koha Livro
Exemplares
Situação do levantamento Origin of item (home branch) (coded) Biblioteca de empréstimo Código de barras Cota Circulation type (not for loan) Tipo de documento Nota do exemplar Damaged status
  Biblioteca Escolar das Vendas Biblioteca Escolar das Vendas BEV1622 9BIO RAC   Livro Sem mensagem